| 000 | 00972nam a22002655a 4500 | ||
|---|---|---|---|
| 003 | OSt | ||
| 005 | 20171127115450.0 | ||
| 008 | 100701s1995 ua frb 000 0 ara d | ||
| 017 | _a1995 / 1792 | ||
| 020 | _a977585203 | ||
| 040 |
_aEG-ScBUE _bara _cEG-ScBUE |
||
| 043 | _af-ua--- | ||
| 082 | 0 | 4 |
_a306.70962 _bأ ي و _222 |
| 100 | 1 | _aأيوب، ياسر. | |
| 245 | 1 | 0 |
_aوراء كل باب : _bالإنفجار الجنسي في مصر / _cتأليف ياسر أيوب. |
| 246 | 3 | 0 | _aإنفجار الجنسي في مصر |
| 260 |
_a[القاهرة] : _bدار سفنكس للطباعة والنشر، _c1995. |
||
| 300 |
_a545 ص. ؛ _c20 سم. |
||
| 504 | _aيشتمل على إرجاعات ببليوجرافية. | ||
| 650 | 7 |
_aالجنس _xجوانب اجتماعية _zمصر. _2BUEsh |
|
| 650 | 7 |
_aالعلاقات الجنسية _xجوانب اجتماعية _zمصر. _2BUEsh |
|
| 651 | _2BUEsh | ||
| 653 |
_bGGEN _cAugust2015 _cNovember2017 |
||
| 942 | _2ddc | ||
| 999 |
_c14350 _d14350 |
||